000 00669nam a22002055i 4500
001 176716
003 ES-MaACL
005 20251114150621.0
008 110203s1969 sp |||| | spa d
080 _a613.88
100 1 _aViglianedi Rocca, L.
_9145020
245 1 0 _aEnfermedades venéreas /
_cL. Viglianedi ; [traducción de M. Giménez Sales].
260 _aBarcelona :
_bMolino,
_cD. L. 1969.
300 _a132 p. ;
_c19 cm.
500 _aEn el lomo: 4.
650 7 _aEnfermedades de transmisión sexual
_2embne
_912260
700 1 _aGiménez Sales, Miguel,
_d1922-
_957067
852 _aES-MaACL
_jE-14178
_xOlim P-1883
999 _c176716
_d176716